000 00271nam a2200121Ia 4500
008 241002s9999 xx 000 0 und d
082 _a808.3 CEC
100 _aCecil, Henry
245 0 _aDauhters in low
260 _aLondon:
_c1963
600 _aLiterature
942 _cUC
999 _c18864
_d18864